Los celtas y la expansión céltica hasta la época de La Téne / (Record no. 115006)

MARC details
000 -LEADER
campo de control de longitud fija 01106nam a2200289 i 4500
001 - NÚMERO DE CONTROL
campo de control 115006
003 - IDENTIFICADOR DE NÚMERO DE CONTROL
campo de control ES-MaACL
005 - FECHA Y HORA DE LA ÚLTIMA TRANSACCIÓN
campo de control 20251013215838.0
007 - CAMPO FIJO DE DESCRIPCIÓN FÍSICA--INFORMACIÓN GENERAL
campo de control de longitud fija t|
008 - DATOS DE LONGITUD FIJA--INFORMACIÓN GENERAL
campo de control de longitud fija 070216s1941 sp ||||1| spa d
100 1# - ENTRADA PRINCIPAL--NOMBRE DE PERSONA
Nombre de persona Hubert, Henri.
9 (RLIN) 64497
245 14 - MENCIÓN DEL TÍTULO
Título Los celtas y la expansión céltica hasta la época de La Téne /
Mención de responsabilidad, etc. por Henri Hubert ; revisada y publicada por Marcel Mauss, R. Lantier, Jean Marx ; traducción de Luis Pericot García y Mercedes Montañola Garriga.
250 ## - MENCION DE EDICION
Mención de edición 1ª ed.
260 ## - PUBLICACIÓN, DISTRIBUCIÓN, ETC.
Lugar de publicación, distribución, etc. Barcelona :
Nombre del editor, distribuidor, etc. Cervantes,
Fecha de publicación, distribución, etc. 1941.
300 ## - DESCRIPCIÓN FÍSICA
Extensión XXV, 440 p. ;
Dimensiones 22 cm.
490 1# - MENCIÓN DE SERIE
Mención de serie La evolución de la humanidad ;
Designación de volumen o secuencia 21
500 ## - NOTA GENERAL
Nota general Con 12 mapas y 43 figuras en el texto y 4 láminas.
650 #4 - PUNTO DE ACCESO ADICIONAL DE MATERIA--TÉRMINO DE MATERIA
Término de materia o nombre geográfico como elemento de entrada Civilización celta.
9 (RLIN) 11092
700 1# - ENTRADA AGREGADA--NOMBRE PERSONAL
Nombre de persona Mauss, Marcel.
9 (RLIN) 79284
700 1# - ENTRADA AGREGADA--NOMBRE PERSONAL
Nombre de persona Lantier, Raymond,
Fechas asociadas al nombre 1886-1980
9 (RLIN) 70103
700 1# - ENTRADA AGREGADA--NOMBRE PERSONAL
Nombre de persona Marx, Jean.
9 (RLIN) 78589
700 1# - ENTRADA AGREGADA--NOMBRE PERSONAL
Nombre de persona Pericot, Luis,
Fechas asociadas al nombre 1899-1978
9 (RLIN) 91262
700 1# - ENTRADA AGREGADA--NOMBRE PERSONAL
Nombre de persona Montañola Garriga, Mercedes.
9 (RLIN) 82403
830 0# - PUNTO DE ACCESO ADICIONAL DE SERIE-TÍTULO UNIFORME
Título uniforme La evolución de la humanidad ;
Designación de volumen o secuencia 21
9 (RLIN) 185926
852 ## - LOCALIZACIÓN
Ubicación ES-MaACL
Número de control de estantería C-29097
Holdings
Estatus retirado Estado de pérdida Estado de daño No para préstamo Biblioteca de origen Biblioteca actual Ubicación en estantería Fecha de adquisición Fuente de adquisición Total de préstamos Signatura topográfica completa Código de barras Visto por última vez Precio de reemplazo Tipo de ítem Koha
        Biblioteca del Ateneo de Madrid Biblioteca del Ateneo de Madrid Depósito 2 17/01/2008     C-29097 1119927 23/02/2023 23/02/2023 Libro impreso